A-Z in DFW Texas - Statistics

General Stats
  • This quiz has been taken 4 times
  • The average score is 12 of 26
Answer Stats
Letter Hint Answer % Correct
A Famous stadium AT&T Stadium
75%
I GameStop and ExxonMobilhave their headquarters in this city (my home city as well!) Irving
75%
J President that got killed in the above city John F. Kennedy
75%
M Basketball team Mavericks
75%
D University located in this city in the north part of the metro Denton
50%
F Park located in Dallas that is home to the state fair Fair Park
50%
G City that has the airport and a big mall Grapevine
50%
K City in the Fort Worth area Keller
50%
L Lake that has the city in the name Lewisville Lake
50%
N Water park that has a clever play on words in the namethat may or may not include the abbreviation to the city name NRH20
50%
P Famous cartoon world in North Richland Hills Peppa Pig World
50%
Q Gas station that is really common in the area. Some say youcan’t go 5 miles without seeing one QuikTrip
50%
R Tower in Dallas Reunion Tower
50%
T River that runs through the whole city of Fort Worth Trinity River
50%
U Indoor trampoline park chain that started in Grapevine/Bedford Urban Air
50%
V Where the basketball team play their games Victory Park
50%
W Interesting urban oasis in downtown Fort Worth Water Gardens
50%
B Place in Fort Worth where music is played Bass Performance Hall
25%
C City that has a state park with the same name as the city Cedar Hill State Park
25%
E City that has 61,000 people and a lot of them are Tongans Euless
25%
H Museum located in McKinney Heard Natural Science Museum
25%
O Popular restaurant in Dallas, famous for breakfast and lunch Overeasy
25%
S City that has a popular town square, also home to Whites Chapeland Bicentennial Park (places I’ve been to a lot :) Southlake
25%
X Major energy company owned by ExxonMobil XTO Energy
25%
Y Sushi place in Plano and Dallas YAMA Sushi
25%
Z Fun park that shut down in 2021 known for bungee jumping and stuff Zero Gravity
25%
No matching quizzes found
Score Distribution
Percent of People with Each Score
Percentile by Number Answered
Your Score History
You have not taken this quiz